<?xml version="1.0" encoding="UTF-8"?>
<record
    xmlns:xsi="http://www.w3.org/2001/XMLSchema-instance"
    xsi:schemaLocation="http://www.loc.gov/MARC21/slim http://www.loc.gov/standards/marcxml/schema/MARC21slim.xsd"
    xmlns="http://www.loc.gov/MARC21/slim">

  <leader>01057cam a2200313 a 4500</leader>
  <controlfield tag="001">1023442</controlfield>
  <controlfield tag="003">OSt</controlfield>
  <controlfield tag="005">20200811153213.0</controlfield>
  <controlfield tag="008">940920s1994    ck b    r     00010 spa d</controlfield>
  <datafield tag="015" ind1=" " ind2=" ">
    <subfield code="a">ck-1994-xxxx</subfield>
  </datafield>
  <datafield tag="020" ind1=" " ind2=" ">
    <subfield code="a">9789583600012</subfield>
  </datafield>
  <datafield tag="040" ind1=" " ind2=" ">
    <subfield code="c">CO-MqBPB</subfield>
  </datafield>
  <datafield tag="041" ind1="0" ind2=" ">
    <subfield code="a">spa</subfield>
  </datafield>
  <datafield tag="082" ind1="0" ind2="4">
    <subfield code="a">323.2 </subfield>
    <subfield code="b">M65t </subfield>
    <subfield code="2">19 ed.</subfield>
  </datafield>
  <datafield tag="100" ind1="1" ind2=" ">
    <subfield code="a">Molano, Alfredo, </subfield>
    <subfield code="d">1944-2019.</subfield>
  </datafield>
  <datafield tag="245" ind1="1" ind2="0">
    <subfield code="a">Trochas y fusiles / </subfield>
    <subfield code="c">Alfredo Molano ; pr&#xF3;logo de William Ram&#xED;rez Tob&#xF3;n ; mapas Marco Fidel Robayo.</subfield>
  </datafield>
  <datafield tag="260" ind1=" " ind2=" ">
    <subfield code="a">Bogot&#xFFFD; : </subfield>
    <subfield code="b">Instituto de Estudios Pol&#xFFFD;ticos y Relaciones Internacionales, El Ancora Editores, </subfield>
    <subfield code="c">1994.</subfield>
  </datafield>
  <datafield tag="300" ind1=" " ind2=" ">
    <subfield code="a">230 p. : </subfield>
    <subfield code="b">mapas ; </subfield>
    <subfield code="c">22 cm.</subfield>
  </datafield>
  <datafield tag="600" ind1="1" ind2="6">
    <subfield code="a">Marulanda V&#xFFFD;lez, Manuel, </subfield>
    <subfield code="d">1930?-2008</subfield>
  </datafield>
  <datafield tag="600" ind1="1" ind2="6">
    <subfield code="a">Yosa, Isauro, </subfield>
    <subfield code="d">1909-1995.</subfield>
  </datafield>
  <datafield tag="650" ind1=" " ind2=" ">
    <subfield code="a">Guerrillas</subfield>
    <subfield code="x"> Historia</subfield>
    <subfield code="z"> Colombia.</subfield>
  </datafield>
  <datafield tag="650" ind1=" " ind2=" ">
    <subfield code="a">Guerrillas colombianas.</subfield>
  </datafield>
  <datafield tag="650" ind1=" " ind2=" ">
    <subfield code="a">Violencia</subfield>
    <subfield code="z"> Colombia.</subfield>
  </datafield>
  <datafield tag="650" ind1=" " ind2=" ">
    <subfield code="a">Delitos contra la paz</subfield>
    <subfield code="z"> Colombia.</subfield>
  </datafield>
  <datafield tag="700" ind1="1" ind2=" ">
    <subfield code="a">Robayo, Marco Fidel, </subfield>
    <subfield code="e">il.</subfield>
  </datafield>
  <datafield tag="700" ind1="1" ind2=" ">
    <subfield code="a">Ram&#xFFFD;rez Tob&#xFFFD;n, William.</subfield>
  </datafield>
  <datafield tag="942" ind1=" " ind2=" ">
    <subfield code="2">ddc</subfield>
    <subfield code="c">BK</subfield>
  </datafield>
  <datafield tag="949" ind1=" " ind2=" ">
    <subfield code="a">c   </subfield>
    <subfield code="b">c</subfield>
  </datafield>
  <datafield tag="999" ind1=" " ind2=" ">
    <subfield code="c">12424</subfield>
    <subfield code="d">12424</subfield>
  </datafield>
  <datafield tag="952" ind1=" " ind2=" ">
    <subfield code="0">0</subfield>
    <subfield code="1">0</subfield>
    <subfield code="2">ddc</subfield>
    <subfield code="4">0</subfield>
    <subfield code="7">0</subfield>
    <subfield code="8">GEN</subfield>
    <subfield code="a">BPMOS</subfield>
    <subfield code="b">BPMOS</subfield>
    <subfield code="d">2020-08-11</subfield>
    <subfield code="i">N.A</subfield>
    <subfield code="l">0</subfield>
    <subfield code="o">323.2  M65t </subfield>
    <subfield code="p">MOS500031</subfield>
    <subfield code="r">2021-01-07</subfield>
    <subfield code="t">Ej 1</subfield>
    <subfield code="w">2020-08-11</subfield>
    <subfield code="y">BK</subfield>
    <subfield code="z">Prestamo 8 d&#xED;as</subfield>
  </datafield>
</record>
